00728nam a2200241 a 4500001001300000003000900013005001700022008004100039020001000080082001500090100001700105245008100122260004100203300000900244500003500253505001000288650002600298650001600324902000800340942000700348952011600355999001500471nice12345678IN_TiNIC20260116012617.0050524s1988 newa grp 000 0 eng  ac19000a954.8bBAH aBahadur, Lal aStruggle for Pakistanb Tragedy of the Triumph of Muslim Communalism in Indi aNew DelhibSterling Publishersc1988 a341p aincludes index and biblioraphy2 aIndex aMuslim-India-politics aCommunalism bSRS cBK 001040708StackRoom-aHMIbHMId2007-04-10g190.00l0o954.8 BAHp013017r2007-04-10v190.00w2005-05-24yBK c7665d7665